000 00383nam a2200145Ia 4500
005 20251222152638.0
008 251222s9999||||xx |||||||||||||| ||spa||
020 _a9789972234661
082 _a347/N82
100 _aNorthcote Sandoval, Cristhian
245 0 _aGuía de Operaciones Societarias y Comerciales
250 _a1ra.ed.
264 _bPacifico Editores S.A.
942 _cLIB
999 _c27989
_d27989